Greek Titans Quiz Stats

 Plays Quiz Updated Apr 23, 2015

Score 0/12 Timer 06:00
0 Plays Today
Titan % Correct
Cronus
96.3%
Rhea
49.5%
Oceanus
32.7%
Hyperion
32.5%
Phoebe
22%
Theia
20.2%
Tethys
19.9%
Iapetus
19.3%
Coeus
19%
Themis
18.1%
Mnemosyne
17.9%
Crius
17.4%

You're not logged in!

Compare scores with friends on all Sporcle quizzes.
OR
Log In

Sporcle TV

Today on Sporcle TV


Watch our educational content, quiz creation guides, and fun videos on Sporcle TV.

Show Comments

Extras

Top Quizzes Today


Score Distribution

Your Account Isn't Verified!

In order to create a playlist on Sporcle, you need to verify the email address you used during registration. Go to your Sporcle Settings to finish the process.

Report this User

Report this user for behavior that violates our Community Guidelines.

Details: